000 00892na a2200253 4500
001 20710
003 MIRAKIL
005 20181213155149.0
008 170126b tu 000 0
035 _a20710
040 _aMilas
_btur
_cTR-AnCHP
041 _atur
082 _a324.236
_bY44a 1995
090 _a324.236 Y44a 1995
100 _aYılmaz, Mesut
245 _aAnavatan Partisi genel başkanı sayın Mesut Yılmaz'ın Anavatan Partisinin 12. Kuruluş Yıldönümü münasebetiyle yapmış olduğu konuşma 20.5.1995
_cMesut Yılmaz
260 _aAnkara
_bANAP
_c19995
300 _a12 s.
_c20 sm.
500 _aDış kapakta: Geleceğin Türkiyesi için tek başına iş başına
610 _aAnavatan Partisi (ANAP)
_xPropaganda ve ideolojiler
650 _aSiyasal partiler
_xParti türleri
_yLiberal partiler
_zTürkiye
710 _aAnavatan Partisi
942 _2dcc
_cBKS
999 _c7784
_d7784